| 000 -ლიდერი |
| ფიქსირებული სიგრძის საკონტროლო ველი |
00587nam a22001097a 4500 |
| 008 - ფიქსირებული სიგრძის მონაცემები--ზოგადი ცნობები |
| ფიქსირებული სიგრძის საკონტროლო ველი |
230331b xxu||||| |||| 00| 0 geo d |
| 080 ## - UDC |
| UDC |
8Ю (075.3) ჩ-318 |
| 100 ## - პირველი ავტორი--პიროვნების სახელი |
| პიროვნების სახელი |
ჩაჩიბაია, არჩილ, ავტორი. |
| 9 (RLIN) |
17402 |
| 245 ## - ცნობა სათაურზე |
| სათაური |
ქართული საბავშვო ლიტერატურა : |
| ქვესათაური |
[სახელმძღვ. პედ. ინ-ტების სტუდ.] / |
| ცნობა პასუხისმგებლობის და ასშ შესახებ |
არჩილ ჩაჩიბაია. |
| 250 ## - ცნობა გამოცემაზე |
| ცნობა გამოცემის შესახებ |
მე-2 შევს. გამოც. |
| 264 ## - გამოცემის, წარმოების, დისტრიბუციის ცნობები |
| გამოცემის, წარმოების, დისტრიბუციის... ადგილი |
თბილისი : |
| გამოცემის, წარმოების, დისტრიბუციის... სახელწოდება |
განათლება, |
| გამოცემის, წარმოების, დისტრიბუციის... თარიღი |
1990. |